100 years the amazing development of Japan since 1860

Enregistré dans:
Détails bibliographiques
Auteur principal: Eunson, Roby
Format: Livre
Langue:Undetermined
Publié: 1965
Tags: Ajouter un tag
Pas de tags, Soyez le premier à ajouter un tag!
Thư viện lưu trữ: Trung tâm Học liệu Trường Đại học Cần Thơ
LEADER 00422nam a2200157Ia 4500
001 CTU_113531
008 210402s9999 xx 000 0 und d
020 |c 849000 
082 |a 952 
082 |b E88 
100 |a Eunson, Roby 
245 0 |a 100 years the amazing development of Japan since 1860 
245 0 |c Roby Eunson 
260 |c 1965 
904 |i Tuyến 
980 |a Trung tâm Học liệu Trường Đại học Cần Thơ